| 000 | 00571nam a2200205Ia 4500 | ||
|---|---|---|---|
| 005 | 20250923150057.0 | ||
| 008 | 008 250917s9999 xx 000 0 eng d | ||
| 037 | _aTextual | ||
| 040 |
_aDSWL _beng _cDSWL |
||
| 041 |
_aeng _2eng |
||
| 084 |
_aY48, PO1 _qDSWL |
||
| 100 |
_aNorthouse, P G _9841963 |
||
| 245 | 0 |
_aLeadership: Theory and pratice _c by P G Northouse |
|
| 260 |
_aThousand Oaks _bOaks Sage Publication _c2001 |
||
| 300 | _a294p. | ||
| 365 |
_aINR _b1674.1 |
||
| 925 | _g1674.1 | ||
| 942 |
_cTEXL _hY48, PO1 |
||
| 999 |
_c1459292 _d1459292 |
||